000 01168cam a22003377a 4500
003 CHAP
005 20220329141831.0
008 971127d1997 mx a r 00110 spa d
010 _a74556
011 _a75528
035 _a85092
040 _cCHAP
090 _aTesis
100 0 0 _aAmador Angel, A. Jorge.
_95063
245 1 0 _aAnálisis técnico del mecanismo de elevación hidráulica en el tractor agrícola
_c/por A. Jorge Amador Angel
260 _aChapingo, Méx. :
_bEl autor,
_c1997.
300 _a100 h. :
_bilus.
502 _aTesis (Ing. Mecánico Agrícola) -- UACH. Departamento de Ingeniería Mecánica Agrícola
590 _aALEPH
_b10
_c20130110
_lUCH01
_h1420
590 _aBATCH-UPD
_b10
_c20130110
_lUCH01
_h0834
590 _aBATCH-UPD
_b10
_c20130410
_lUCH01
_h0512
590 _aBATCH-UPD
_b10
_c20130914
_lUCH01
_h1806
590 _aCONVERSION
_b10
_c20130109
_lUCH01
_h1341
650 1 4 _aMecánica de fluídos.
_973821
650 1 4 _aTractores.
_9114574
901 _aBK
905 _aAlejandra Carrasco M.
942 _cFOLL
949 _bBC
_cTES
_d33724000637641
_eTS2
_fc.2
_h31526
_i85092
_sb
949 _bBC
_cTES
_d850921
_eTS1
_h31525
_i85092
_sb
999 _c74556
_d74556